00691nam a2200229 a 4500001001300000003000900013005001700022008004100039020000800080082001800088100002500106245004800131260005000179300000800229500003500237650001900272700002500291902000800316942000700324952011500331999001500446nice12345678IN_TiNIC20260116012657.0070709s1983 boma grp 000 0 urd  ac700a297.822bENG2 aEngineer, Asghar Ali aBohra Firqe Ke Aqaid Aur Uska Samaj Masai`l aBombay bShethia Audio Vidio Pvt. Ltd. c1983 a68p aincludes index and biblioraphy aDawoodi Bohras1 aEngineer, Asghar Ali bSRS cBK 001040708StackRoom-aHMIbHMId2007-07-09g7.00l0o297.822 ENG2p010851r2007-07-09v7.00w2007-07-09yBK c7910d7910